000 00492nam a22001817a 4500
005 20251108164920.0
008 250721s1994 xx 000 0 ara d
082 1 4 _a649.1/روض
100 1 _aخوري، روضة إبراهيم
245 1 0 _aنمو الطفل و رعايته /
264 1 _aعمان :
_bالجامعة الأردنية،
_c1994.
300 _a201ص
650 1 7 _aالأطفال
650 1 7 _aالصحة
650 1 7 _aالحمل
942 _2ddc
_cBK
999 _c17378
_d17378